000 00609nam a2200217 a 4500
001 17582
003 CO-ViMGA
008 141112s2004 ck r 000 u spa d
020 _a8488061749
040 _aCO-ViMGA
_bspa
_cCO-ViMGA
082 0 4 _a940.21 C677
100 1 _aCorrain, Lucia
_924899
245 1 0 _aLa Europa del renacimiento
260 _aBarcelona (España),
_cSerres,
_c1997
300 _a64.p.
490 _aLos maestros del arte
590 _aForma de adquisición : Premio - Mincultura
650 1 4 _aRENACIMIENTO - EUROPA
_924900
650 1 4 _aTECNICAS ARTISTICAS
_924901
942 _2ddc
_cBK
999 _c27078
_d27078